Türk toplumunda Zazalar ve Kürtler/ (Record no. 9214)
| 000 -BAŞLIK | |
|---|---|
| Sabit Uzunluktaki Kontrol Alanı | 01759nam a22003017a 4500 |
| 001 - KONTROL NUMARASI | |
| Control Dosyası | 0009242 |
| 003 - KONTROL NUMARASI KİMLİĞİ | |
| Kontrol Alanı | KOHA_MİRAKIL |
| 005 - EN SON İŞLEM TARİHİ ve ZAMANI | |
| Kontrol Alanı | 20260207001703.0 |
| 007 - FİZİKSEL TANIM SABİT ALAN - GENEL BİLGİ | |
| Sabit uzunluklu kontrol alanı | ta |
| 008 - SABİT UZUNLUKTAKİ VERİ ÖGELERİ - GENEL BİLGİ | |
| Sabit Alan | 091120b2008 tu |||gr||||#0|||0|tur | |
| 020 ## - ISBN - ULUSLARARASI STANDART KİTAP NUMARASI | |
| Isbn | 9789752637573 |
| Kullanılabilirlik koşulları | 19,5 |
| 040 ## - KATALOGLAMA KAYNAĞI | |
| Özgün Kataloglama Kurumu | TR-BiSEU |
| Kataloglama Dili | tur |
| Çeviri Kurumu | TR-BiSEU |
| Açıklama Kuralları | rda |
| 041 0# - DİL KODU | |
| Metin ya da ses kaydının dil kodu | tur |
| 044 ## - YAYINLAYAN/ÜRETEN KURULUŞUN ÜLKE KODU | |
| ISO country code | tu |
| 050 ## - SINIFLAMA ve YER NUMARASI | |
| Sınıflama Numarası | DR435.K87 |
| Yer Numarası | T874 2008 |
| 100 1# - KİŞİ ADI | |
| Yazar Adı (Kişi adı) | Türkdoğan, Orhan. |
| 245 1# - ESER ADI BİLDİRİMİ | |
| Başlık | Türk toplumunda Zazalar ve Kürtler/ |
| Sorumluluk Bildirimi | Orhan Türkdoğan ; Orhan Türkdoğan. |
| 264 #1 - ÜRERİM, YAYIN, DAĞITIM ve TELİF BİLDİRİMİ | |
| Yayın yeri | İstanbul : |
| Yayınlayan | Timaş Yayınları |
| Yayın tarihi | 2008 |
| 300 ## - FİZİKSEL TANIMLAMA | |
| Sayfa, Cilt vb. | viii, 607 sayfa; 24 cm. |
| 336 ## - İÇERİK TÜRÜ | |
| Content type term | metin |
| Content type code | txt |
| Source | rdacontent |
| 337 ## - MEDYA TÜRÜ | |
| Media type term | aracısız |
| Media type code | n |
| Source | rdamedia |
| 338 ## - TAŞIYICI TÜRÜ | |
| Carrier type term | cilt |
| Carrier type code | nc |
| Source | rdacarrier |
| 500 ## - GENEL NOT | |
| Genel Not | Kaynakça ve dizin var. |
| 505 ## - İÇİNDEKİLER NOTU | |
| İçindekiler Notu | Orhan Türkdoğan'ın, Türk toplumunun sosyolojik gerçekleri üzerinde yürüttüğü araştırmalarının bir yenisi daha "Kürtler ve Zazalar" adıyla okuyucusuyla buluşuyor. Sosyolog Orhan Türkdoğan bu çalışmasıyla, bilinmeyen ve göz ardı edilen birçok gerçeğe ışık tutuyor. Uzun yıllar süren katılımcı gözlem ve görüşme teknikleri ve yerinde inceleme metoduna dayalı bir alan araştırmasının ürünü olan eser, sahasında bir ilk olma özelliğine de sahip. Yazar, Doğu ve Güneydoğu bölgelerimizdeki etnik yapılaşmalarla ilgili, Zaza ve Kürtlerin dil ve kökenlerine dair kalıplaşmış söylemlerin dışına çıkarak dikkat çekici bulgulara ulaşıyor. Eser, etnik farklılıkların, milletleşme olgusu içerisinde bir bütünleşme sağlaması gerektiğini vurgularken bölgenin kalkınması yolunda neler yapılabileceğine dair öneri ve çözüm yolları da sunuyor. |
| 650 #0 - KONU BAŞLIĞI EK GİRİŞ - KONU TERİMİ | |
| Konusal terim veya coğrafi ad | Kurds--Turkey. |
| 9 (RLIN) | 22554 |
| 907 ## - LOCAL DATA ELEMENT G, LDG (RLIN) | |
| a | Tarih |
| 942 ## - EK GİRİŞ ÖGELERİ (KOHA) | |
| Source of classification or shelving scheme | Library of Congress Classification |
| Koha item type | Book |
| Materyal Türü | Kalıcı Konum | Mevcut Konum | Raf Yeri | Sınıflandırma Kaynağı | Edinim Bilgisi | Ana Konular | Alt Konular | Yer Numarası | Demirbaş Numarası | Fatura Tarihi | Maliyet, Alış Fiyatı | Maliyet, Yenileme Fiyatı | Geri Çekilme Durumu | Kayıp Durumu | Hasarlı Durumu | Kredi için değil | Kayıt Tarih | Toplam Ödünçverme | Son Görülme Tarihi | Son Kontrol Tarihi |
|---|---|---|---|---|---|---|---|---|---|---|---|---|---|---|---|---|---|---|---|---|
| Book | Prof. Dr. Azmi Özcan Kütüphanesi | Prof. Dr. Azmi Özcan Kütüphanesi | Uluğbey Salonu | Library of Congress Classification | Satın | DÜNYA TARİHİ (AVRUPA, ASYA, AFRİKA VB.) | Balkan Yarımadası | DR435.K87 T874 2008 | 0009242 | 20/11/2009 | 21.06 | 21.06 | 20/11/2009 | 2 | 05/12/2024 | 05/12/2024 |
